| 000 | 00453nam a2200169Ia 4500 | ||
|---|---|---|---|
| 003 | GCL | ||
| 008 | 140319s9999 xx 000 0 eng d | ||
| 040 |
_aGCL / _cGCL |
||
| 082 | 0 | 4 |
_a005.43 _bM W |
| 100 | 1 | _aRANSFIELD, RON | |
| 245 | 1 | 0 |
_aWINDOWS 95 FOR BUSY PEOPLE / _cRANSFIELD, RON |
| 260 |
_a[S.N] : _bMC GRAW - HILL ، _c1996 |
||
| 300 | _a308 P | ||
| 650 | 0 | 4 | _aOPERATINGS SYSTEMS COMPUTERS |
| 650 | 0 | 4 | _aCOMPUTER - PROPGRAMME |
| 942 |
_2ddc _cBK |
||
| 999 |
_c13365 _d13365 |
||